=LDR 00000nam 2200000 4500 =001 INLIS000000000017006 =005 20201208080024 =035 ##$$a 0010-061300000017006 =008 201208################g##########0#ind## =041 ##$$a Ind =082 ##$$a 324 =090 ##$$a 324, Wib m =100 ##$$a Kasiyanto, K.J. =245 1#$$a Mengapa orde baru gagal ? /$c M.J. Kasiyanto =260 ##$$a Jakarta :$b Yay. Tri Mawar,$c 1999 =300 ##$$a xvi, 236 hlm. : $b ilus ; $c 15x21 cm. =650 #4$$a Partai Politik =850 ##$$a NBPNMAT =020 ##$$a 979-573-035-5 =084 ##$$a 324 KAS m =504 ##$$a Bibliografi : hlm. 233-234 =990 ##$$a 20402957